000 00306nam a22001337a 4500
008 180921b xxu||||| |||| 00| 0 eng
020 _a0721666817
041 _aeng
080 _a610
100 _a5
101 _aANE
245 _aAnesthesia And Uncommon Pediatric Diseases
_cKatz.S
942 _2udc
_cBK
999 _c48199
_d48199